| 000 | 00000nam##2200000za#4500 |
| 001 | 9.641455 |
| 003 | CaOODSP |
| 005 | 20210624223222 |
| 007 | cr ||||||||||| |
| 008 | 150407|2001||||xxc|||||o f|0| 0 fre|d |
| 040 | |aCaOODSP|bfre |
| 043 | |an-cn--- |
| 086 | 1 |aFo4-14/2-2001F-PDF |
| 110 | 1 |aCanada.|bRessources naturelles Canada. |bService canadien des forêts. |
| 245 | 10|aLes forêts du Canada : |h[ressource électronique]|bune bouffée d'air frais / |cpublié par l' Association forestière canadienne. |
| 246 | 3 |aTrousse d'enseignement. Volume 2, Les changements climatiques |
| 260 | |aOttawa - Ontario : |bRessources naturelles Canada. |c2001. |
| 300 | |a48p.|bfigures, glossaire, ill. (certaines en couleur), carte, photographies |
| 520 | 3 |aOffre aux enseignants les outils nécessaires pour mieux faire comprendre aux jeunes la valeur des forêts et l'importance de les protéger et de les conserver. |
| 590 | |a13-06-Supp|b2013-03-19 |
| 691 | 07|aChangement climatique|2gcpds |
| 691 | 07|aForêt|2gcpds |
| 775 | 08|tCanada's forests : |w(CaOODSP)9.697408 |
| 776 | 0#|tLes forêts du Canada : |w(CaOODSP)9.684254 |
| 856 | 40|ahttp://publications.gc.ca|qPDF|s2.46 Mo|uhttps://publications.gc.ca/collections/collection_2013/rncan-nrcan/Fo4-14-2-2001-fra.pdf |